000 00748nam a2200229Ia 4500
001 15631
003 GE_BSU
008 181216s||||||||xx |||||||||||||| ||und||
040 _cGE_BSU
080 _a821.353.1-32
100 _aწულეისკირი, ნოდარ
245 _aშეჩვევა : მოთხრობები
245 _bმოთხრობები
245 _cრედ.ილ.ხოშტარია. მხატვ.თ.სამსონაძე
260 _aთბილისი
260 _bსაბჭ. საქართველო
260 _c1967
300 _a303გვ. ; 21სმ
653 _aმოთხრობები
653 _aშეჩვევა
942 _cBK
999 _c48731
_d48731